Выписки из протоколов заседаний Президиума ЦИК СССР о восстановлении в правах гражданства и о принятии в союзное гражданство. Бу...

Доступно только в Электронных читальных залах Найти на картеНа карте
RUSMARC
00004579nac2a22002893x 450
0016d638c6d-b2ad-4d0b-bc40-9ea2ab20eaf0
00520220115043749.0
100##$a20211217l1925 k y0rusy50 ca
1010#$arus
$amul
102##$aRU
105##$ay z |||||
1220#$ad19251231
2001#$aВыписки из протоколов заседаний Президиума ЦИК СССР о восстановлении в правах гражданства и о принятии в союзное гражданство. Буква "К" том IX-й
$j1925
215##$a304 листа
251##$cДело
300##$aЗаголовок дела на папке: Выписки из протоколов заседаний Президиума ЦИК СССР. О восстановлении в правах гражданства и о принятии в союзное гражданство. К - том IX
300##$aЧасть текста на языках народов СССР
300##$aЧасть текста машинописная и рукописная, часть - напечатана типографским способом
324##$aВ деле имеются копии отдельных документов
461#0$1001796d4672-8a00-4986-b488-6e42273792cc
$12001
$aЦЕНТРАЛЬНЫЙ ИСПОЛНИТЕЛЬНЫЙ КОМИТЕТ СССР (ЦИК СССР)
$1251
$cФонд
$1852
$j3316
$gР
462#0$10019b37ce3b-cf5a-4e83-90b2-84b029570c85
$12001
$aПостановления, протоколы и выписки из протоколов заседаний Президиума ЦИК СССР по вопросам приема, выхода, лишения гражданства СССР. 1923-1938 гг.
$vД. 183
$1251
$cОпись
$1852
$j14
5171#$aВыписки из протоколов заседаний Президиума ЦИК СССР. О восстановлении в правах гражданства и о принятии в союзное гражданство. К - том IX
60101$3RU\NLR\AUTH\880357276
$aСССР
$bЦИК
60101$3RU\NLR\AUTH\880398220
$aСССР
$bЦентральный исполнительный комитет
$bПрезидиум
801#0$aRU
$bGA_RF
801#1$aRU
$bГлавНИВЦ
$c20211217
$2rusmarc
801#2$aRU
$bПБ им. Б.Н. Ельцина
$c20220115
$gRCR
$2rusmarc
852##$aГА РФ
$j183
937##$d172638122
$hГАРФ
035##$aRuPRLIB51063851
856##$uhttp://readingroom.main.prlib.ru/item.aspx?id_node=n172638122&mode=full
Формат отображения